000 01257nam a2200301 4500
001 113743
003 DR-UNIBE
005 20250813062555.0
008 250609b2025 dr ||||| |||| 00| 1 spa d
040 _aBIBLIOTECA UNIBE
_bspa
_cBIBLIOTECA UNIBE
_erda
041 _aspa
090 _aFBIU-ELE- CI C933a
100 1 0 _aCristina, Katerine,
_d1999-
_9196271
_eautor
245 1 4 _aLas aventuras de Esno /
_cKaterine Cristian ; ilustraciones; Sandro Parra ; diseño: Martha Siri ; corrección de estilo: José Luis Calderón, Luisa Palmera
250 _aPrimera edición:
260 _aSanto Domingo :
_bEditorial LetraErguida,
_c2025
300 _a12 páginas:
_bilustraciones a color :
_c27 x 21 cm
500 _aDatos del autor en la anteportada . Al final incluye actividades de compresión de lectura
653 7 _aCuentos infantiles dominicanos
653 7 _aLiteratura infantil dominicana
653 7 _aAmistad - Cuentos infantiles dominicanos
653 7 _aAmabilidad - Cuentos infantiles domincanos
700 0 _aParra, Sandro
_eilustrador
_9196272
700 1 0 _aSiri, Martha
_960842
_ediseñador
700 1 0 _aCalderón, José Luis
_9196273
_ecorrector de estilo
700 1 0 _aPalmera, Luisa
_9196274
_ecorrector de estilo
942 _2ddc
_cBK
999 _c113743
_d113743